[Event "Lloyds Bank Masters 2nd"]
[Site "London, Cumberland Hotel"]
[Date "1978.08.29"]
[Round "8.44"]
[White "Gadia, Olicio"]
[Black "Harding, Timothy David"]
[Result "0-1"]
[WhiteElo "2240"]
[BlackElo "2230"]
[Annotator "Harding,Tim"]
[PlyCount "66"]
[EventDate "1978.08.24"]
[EventType "swiss"]
[EventRounds "10"]
[EventCountry "ENG"]
[SourceTitle "Tim Harding"]
[Source "Tim Harding"]
[SourceDate "2023.12.23"]
[SourceVersion "1"]
[SourceVersionDate "2023.12.23"]
[SourceQuality "1"]

1. e4 Nc6 2. Nc3 e6 3. d3 d5 4. exd5 exd5 5. g3 Bc5 6. Bg2 Nge7 7. Nf3 Bg4 8.
h3 Bh5 9. O-O Qd7 10. g4 Bg6 11. Re1 O-O-O 12. Bf4 f6 13. a3 h5 14. g5 Bf5 15.
Kh2 Bxf2 16. Rf1 Bc5 17. Nh4 fxg5 18. Nxf5 gxf4 19. Nxe7+ Nxe7 20. h4 Kb8 21.
Qf3 c6 22. Bh3 Qc7 23. Na4 Be3 24. Rg1 g6 25. Rg5 Rhg8 26. b4 Nf5 27. Bxf5 gxf5
28. Nc5 Rxg5 29. hxg5 Qg7 30. Ne6 Qxa1 31. Nxd8 Qg1+ 32. Kh3 Qxg5 33. Ne6 Qg4+
{Source: Tim Harding personal database.} 0-1

[Event "Lloyds Bank Masters 2nd"]
[Site "London, Cumberland Hotel"]
[Date "1978.08.29"]
[Round "8.45"]
[White "Blow, Ronald"]
[Black "Teichmann, Erik Oskar M C"]
[Result "0-1"]
[WhiteElo "2230"]
[BlackElo "2120"]
[PlyCount "55"]
[EventDate "1978.08.24"]
[EventType "swiss"]
[EventRounds "10"]
[EventCountry "ENG"]
[SourceTitle "BritBase"]
[Source "John Saunders"]
[SourceDate "2023.12.16"]
[SourceVersion "1"]
[SourceVersionDate "2023.12.16"]
[SourceQuality "1"]

1. Nf3 c5 2. c4 Nc6 3. b3 e5 4. d3 g6 5. Bb2 Bg7 6. e3 Nge7 7. Be2 O-O 8. Qd2
f5 9. Nc3 d6 10. O-O h6 11. a3 g5 12. b4 b6 13. b5 Nb8 14. Rfd1 g4 15. Ne1 f4
16. Ne4 h5 17. d4 Bb7 18. Bd3 fxe3 19. fxe3 cxd4 20. exd4 Nf5 21. dxe5 Bh6 22.
Qe2 Be3+ 23. Kh1 Qh4 24. Nf6+ Rxf6 25. Bxf5 Rxf5 26. Qxe3 Rf1+ 27. Qg1 Qf2 28.
Nf3 0-1

[Event "Lloyds Bank Masters 2nd"]
[Site "London, Cumberland Hotel"]
[Date "1978.08.29"]
[Round "8.49"]
[White "Yeo, Michael J"]
[Black "Henshaw, John C"]
[Result "1/2-1/2"]
[WhiteElo "2205"]
[BlackElo "2215"]
[PlyCount "45"]
[EventDate "1978.08.24"]
[EventType "swiss"]
[EventRounds "10"]
[EventCountry "ENG"]
[SourceTitle "BritBase"]
[Source "John Saunders"]
[SourceDate "2023.12.16"]
[SourceVersion "1"]
[SourceVersionDate "2023.12.16"]
[SourceQuality "1"]

1. e4 e5 2. Nf3 Nc6 3. d4 exd4 4. Nxd4 Nf6 5. Nxc6 bxc6 6. e5 Qe7 7. Qe2 Nd5 8.
Nd2 g6 9. c4 Nb6 10. Ne4 Bg7 11. f4 O-O 12. Be3 d6 13. c5 dxe5 14. cxb6 axb6
15. Nc3 exf4 16. Bxf4 Qb4 17. Qd2 Re8+ 18. Kf2 g5 19. Be3 Rxe3 20. Qd8+ Bf8 21.
Qxg5+ Bg7 22. Qd8+ Bf8 23. Qg5+ 1/2-1/2

[Event "Lloyds Bank Masters 2nd"]
[Site "London, Cumberland Hotel"]
[Date "1978.08.29"]
[Round "8.52"]
[White "Bernfield, Abram"]
[Black "Scott, Peter R"]
[Result "0-1"]
[WhiteElo "1790"]
[BlackElo "1810"]
[PlyCount "64"]
[EventDate "1978.08.24"]
[EventType "swiss"]
[EventRounds "10"]
[EventCountry "ENG"]
[SourceTitle "BritBase"]
[Source "John Saunders"]
[SourceDate "2023.12.16"]
[SourceVersion "1"]
[SourceVersionDate "2023.12.16"]
[SourceQuality "1"]

1. Nf3 Nf6 2. g3 g6 3. c4 Bg7 4. Nc3 d5 5. cxd5 Nxd5 6. Nxd5 Qxd5 7. Bg2 O-O 8.
O-O Qh5 9. d3 Bh3 10. Qb3 Bxg2 11. Kxg2 b6 12. Bg5 Nc6 13. Bf4 e5 14. Be3 Nd4
15. Bxd4 exd4 16. Rac1 c5 17. Qc4 Rfe8 18. Rfe1 Re6 19. b4 Bf8 20. bxc5 bxc5
21. Rb1 g5 22. Qd5 Rae8 23. Qxg5+ Qxg5 24. Nxg5 Rxe2 25. Ne4 R8xe4 26. dxe4
Rxe1 27. Rxe1 d3 28. Rd1 c4 29. Kf1 Bb4 30. f4 Kg7 31. Kf2 c3 32. Rf1 c2 0-1

[Event "Lloyds Bank Masters 2nd"]
[Site "London, Cumberland Hotel"]
[Date "1978.08.30"]
[Round "9.1"]
[White "Rantanen, Yrjo A"]
[Black "Peters, Jack"]
[Result "1-0"]
[WhiteElo "2420"]
[BlackElo "2430"]
[PlyCount "85"]
[EventDate "1978.08.24"]
[EventType "swiss"]
[EventRounds "10"]
[EventCountry "ENG"]
[SourceTitle "BritBase"]
[Source "John Saunders"]
[SourceDate "2023.12.16"]
[SourceVersion "1"]
[SourceVersionDate "2023.12.16"]
[SourceQuality "1"]

1. e4 c5 2. Nf3 e6 3. d4 cxd4 4. Nxd4 Nf6 5. Nc3 d6 6. f4 Nc6 7. Nf3 a6 8. Bd3
g6 9. O-O Bg7 10. Kh1 O-O 11. Qe1 b5 12. f5 Nb4 13. Qh4 Nxd3 14. cxd3 b4 15.
Ne2 exf5 16. Bg5 h6 17. Bxh6 Bxh6 18. Qxh6 Ng4 19. Qf4 fxe4 20. Qxe4 Qb6 21.
Ned4 Bd7 22. Qf4 f6 23. h3 Ne5 24. Qg3 Kg7 25. Ne2 Rh8 26. Nf4 Rh6 27. Nd5 Qb7
28. Nxf6 Bxh3 29. gxh3 Rah8 30. Kg1 Rxh3 31. Ne8+ Kg8 32. Nf6+ Kf8 33. Nh7+
Qxh7 34. Ng5+ Kg8 35. Nxh3 Qxh3 36. Qxh3 Rxh3 37. d4 Ng4 38. Rf4 Rg3+ 39. Kf1
Nh2+ 40. Kf2 Rd3 41. Rg1 Rd2+ 42. Ke3 Rxb2 43. Rf2 {Time} 1-0

[Event "Lloyds Bank Masters 2nd"]
[Site "London, Cumberland Hotel"]
[Date "1978.08.30"]
[Round "9.2"]
[White "Kopec, Danny"]
[Black "Littlewood, Paul E"]
[Result "1/2-1/2"]
[WhiteElo "2310"]
[BlackElo "2345"]
[PlyCount "52"]
[EventDate "1978.08.24"]
[EventType "swiss"]
[EventRounds "10"]
[EventCountry "ENG"]
[SourceTitle "BritBase"]
[Source "John Saunders"]
[SourceDate "2023.12.16"]
[SourceVersion "1"]
[SourceVersionDate "2023.12.16"]
[SourceQuality "1"]

1. e4 e5 2. Nf3 Nc6 3. Bb5 a6 4. Bxc6 dxc6 5. h3 Bd6 6. d3 Ne7 7. Nbd2 Ng6 8.
Nc4 Be6 9. Be3 Qe7 10. Qe2 Bxc4 11. dxc4 Bc5 12. O-O-O Bxe3+ 13. Qxe3 O-O 14.
g3 Rfd8 15. h4 b6 16. h5 Nf8 17. Nh4 Rxd1+ 18. Rxd1 Rd8 19. Nf5 Rxd1+ 20. Kxd1
Qd8+ 21. Qd2 Ne6 22. Qxd8+ Nxd8 23. Kd2 f6 24. b4 Kf7 25. Ke3 Ke6 26. f4 g6
1/2-1/2

[Event "Lloyds Bank Masters 2nd"]
[Site "London, Cumberland Hotel"]
[Date "1978.08.30"]
[Round "9.3"]
[White "Bouaziz, Slim"]
[Black "Van der Sterren, Paul"]
[Result "1-0"]
[WhiteElo "2365"]
[BlackElo "2400"]
[PlyCount "49"]
[EventDate "1978.08.24"]
[EventType "swiss"]
[EventRounds "10"]
[EventCountry "ENG"]
[SourceTitle "BritBase"]
[Source "John Saunders"]
[SourceDate "2023.12.16"]
[SourceVersion "1"]
[SourceVersionDate "2023.12.16"]
[SourceQuality "1"]

1. e4 e6 2. d4 d5 3. Nc3 Bb4 4. e5 c5 5. a3 Bxc3+ 6. bxc3 Ne7 7. a4 Nbc6 8. Nf3
Qa5 9. Bd2 Bd7 10. Be2 f6 11. exf6 gxf6 12. c4 Qc7 13. cxd5 Nxd5 14. dxc5 O-O-O
15. a5 Rhg8 16. g3 e5 17. a6 e4 18. axb7+ Kxb7 19. Nh4 Ka8 20. c4 Ndb4 21. Bf4
Ne5 22. O-O Bc6 23. Qb3 Nbd3 24. Bxe5 Qxe5 25. Qb6 1-0

[Event "Lloyds Bank Masters 2nd"]
[Site "London, Cumberland Hotel"]
[Date "1978.08.30"]
[Round "9.4"]
[White "Franklin, Michael J"]
[Black "Shamkovich, Leonid A"]
[Result "0-1"]
[WhiteElo "2315"]
[BlackElo "2485"]
[PlyCount "82"]
[EventDate "1978.08.24"]
[EventType "swiss"]
[EventRounds "10"]
[EventCountry "ENG"]
[SourceTitle "BritBase"]
[Source "John Saunders"]
[SourceDate "2023.12.16"]
[SourceVersion "1"]
[SourceVersionDate "2023.12.16"]
[SourceQuality "1"]

1. d4 Nf6 2. Nf3 c5 3. e3 b6 4. Nbd2 Bb7 5. c3 g6 6. Be2 Bg7 7. O-O O-O 8. Re1
Nc6 9. Bf1 d5 10. a3 Nd7 11. b3 e5 12. dxe5 Ndxe5 13. Bb2 Qc7 14. Qc2 Rad8 15.
Rad1 Rfe8 16. b4 Nxf3+ 17. Nxf3 Ne5 18. Nxe5 Bxe5 19. h3 cxb4 20. axb4 a6 21.
Qb3 b5 22. Be2 Qe7 23. Bf3 Qg5 24. Re2 Bc7 25. Red2 Qe5 26. g3 Qf6 27. Bg2 Qe7
28. Rd3 Be5 29. R1d2 h5 30. h4 Qc7 31. Qd1 Rd7 32. e4 Rde7 33. Rxd5 Bxd5 34.
Rxd5 Qb6 35. Qd3 Rc8 36. Kf1 Kh7 37. f4 Bb8 38. Qf3 Ba7 39. e5 Rc4 40. Bh3 Qg1+
41. Ke2 Qb1 0-1

[Event "Lloyds Bank Masters 2nd"]
[Site "London, Cumberland Hotel"]
[Date "1978.08.30"]
[Round "9.5"]
[White "Kraidman, Yair"]
[Black "Zullo, Federico"]
[Result "1-0"]
[WhiteElo "2455"]
[BlackElo "2200"]
[PlyCount "57"]
[EventDate "1978.08.24"]
[EventType "swiss"]
[EventRounds "10"]
[EventCountry "ENG"]
[SourceTitle "BritBase"]
[Source "John Saunders"]
[SourceDate "2023.12.16"]
[SourceVersion "1"]
[SourceVersionDate "2023.12.16"]
[SourceQuality "1"]

1. d4 Nf6 2. c4 c5 3. d5 e6 4. Nc3 exd5 5. cxd5 d6 6. Nf3 g6 7. Bf4 a6 8. a4
Bg7 9. Nd2 Nh5 10. Bg3 Nxg3 11. hxg3 Nd7 12. e3 O-O 13. Be2 Ne5 14. a5 Bf5 15.
e4 Bc8 16. f4 Nd7 17. Nc4 Qe7 18. e5 dxe5 19. d6 Qe6 20. Nd5 exf4 21. gxf4 Bd4
22. Ne7+ Kg7 23. f5 Qe4 24. Qd2 h5 25. Rxh5 Be3 26. Qc3+ Bd4 27. Qg3 b5 28. Qg5
bxc4 29. f6+ 1-0

[Event "Lloyds Bank Masters 2nd"]
[Site "London, Cumberland Hotel"]
[Date "1978.08.30"]
[Round "9.6"]
[White "Tatai, Stefano"]
[Black "Kindermann, Stefan"]
[Result "1-0"]
[WhiteElo "2455"]
[BlackElo "2240"]
[PlyCount "87"]
[EventDate "1978.08.24"]
[EventType "swiss"]
[EventRounds "10"]
[EventCountry "ENG"]
[SourceTitle "BritBase"]
[Source "John Saunders"]
[SourceDate "2023.12.16"]
[SourceVersion "1"]
[SourceVersionDate "2023.12.16"]
[SourceQuality "1"]

1. d4 Nf6 2. c4 g6 3. Nc3 Bg7 4. e4 d6 5. Be2 O-O 6. Nf3 Bg4 7. Be3 Nfd7 8. Rc1
e5 9. d5 a5 10. a3 Na6 11. Rb1 h6 12. b4 axb4 13. axb4 f5 14. h3 Bxf3 15. Bxf3
Nf6 16. g4 Nh7 17. h4 f4 18. Bd2 Bf6 19. g5 hxg5 20. h5 gxh5 21. Rxh5 Kg7 22.
Ke2 Rh8 23. Qh1 Qg8 24. Qg2 Nf8 25. Rxh8 Qxh8 26. Rh1 Qg8 27. Nb5 Kf7 28. Bg4
Ke7 29. Qf3 c6 30. Qc3 Ng6 31. f3 Nh4 32. dxc6 bxc6 33. Nxd6 Kxd6 34. Qd3+ Kc7
35. Qd7+ Kb8 36. Qxc6 Qd8 37. Ra1 Nxf3 38. Bxf3 Qd4 39. Rxa6 Rxa6 40. Qxa6 g4
41. Qxf6 gxf3+ 42. Kxf3 Qd3+ 43. Kg4 Qxe4 44. Qxe5+ 1-0

[Event "Lloyds Bank Masters 2nd"]
[Site "London, Cumberland Hotel"]
[Date "1978.08.30"]
[Round "9.7"]
[White "Povah, Nigel Edward"]
[Black "Westerinen, Heikki MJ"]
[Result "1-0"]
[WhiteElo "2350"]
[BlackElo "2450"]
[PlyCount "107"]
[EventDate "1978.08.24"]
[EventType "swiss"]
[EventRounds "10"]
[EventCountry "ENG"]
[SourceTitle "BritBase"]
[Source "John Saunders"]
[SourceDate "2023.12.16"]
[SourceVersion "1"]
[SourceVersionDate "2023.12.16"]
[SourceQuality "1"]

1. e4 e5 2. Nf3 Nc6 3. Bb5 a6 4. Ba4 d6 5. Bxc6+ bxc6 6. d4 f6 7. Be3 g6 8. Qd2
Bg7 9. Nc3 Ne7 10. dxe5 fxe5 11. Bh6 O-O 12. h4 Bg4 13. Nh2 Qd7 14. Bxg7 Kxg7
15. f3 Be6 16. h5 Rab8 17. O-O-O Rb4 18. hxg6 Nxg6 19. Nf1 Rfb8 20. Ng3 Kg8 21.
b3 Rd4 22. Qe2 a5 23. Qa6 Qd8 24. Rxd4 exd4 25. Nce2 Qg5+ 26. Kb1 Qd2 27. Qxc6
d3 28. Qc3 Qxc3 29. Nxc3 Nf4 30. Nh5 dxc2+ 31. Kxc2 Ng6 32. f4 Nf8 33. g4 Rb4
34. Kd3 c5 35. f5 Bf7 36. Nf6+ Kg7 37. g5 c4+ 38. bxc4 Bxc4+ 39. Ke3 Bf7 40.
Ng4 d5 41. f6+ Kh8 42. Ne5 d4+ 43. Kd3 Be8 44. Nd5 Bb5+ 45. Kd2 Rb2+ 46. Kc1
Rxa2 47. Kb1 Re2 48. Ne7 Be8 49. g6 Nxg6 50. N5xg6+ Bxg6 51. Nxg6+ Kg8 52. Ne5
d3 53. f7+ Kf8 54. Rxh7 1-0

[Event "Lloyds Bank Masters 2nd"]
[Site "London, Cumberland Hotel"]
[Date "1978.08.30"]
[Round "9.8"]
[White "Balinas, Rosendo Carrean"]
[Black "Watson, John L"]
[Result "0-1"]
[WhiteElo "2440"]
[BlackElo "2320"]
[PlyCount "55"]
[EventDate "1978.08.24"]
[EventType "swiss"]
[EventRounds "10"]
[EventCountry "ENG"]
[SourceTitle "BritBase"]
[Source "John Saunders"]
[SourceDate "2023.12.16"]
[SourceVersion "1"]
[SourceVersionDate "2023.12.16"]
[SourceQuality "1"]

1. d4 Nf6 2. c4 g6 3. Nc3 Bg7 4. e4 d6 5. Be2 O-O 6. Bg5 c5 7. d5 Qa5 8. Qd2 a6
9. a4 b5 10. cxb5 axb5 11. Bxb5 Ba6 12. Ra3 Qb4 13. f3 Bxb5 14. axb5 Nbd7 15.
Rxa8 Rxa8 16. Nge2 h6 17. Be3 Ra1+ 18. Nd1 Qxb5 19. Nec3 Qc4 20. Bxh6 Bxh6 21.
Qxh6 Ne5 22. Qe3 Nd3+ 23. Kd2 Nb4 24. Re1 Qb3 25. Qe2 Nd7 26. Qb5 Ne5 27. Qe8+
Kg7 28. Qxe7 0-1

[Event "Lloyds Bank Masters 2nd"]
[Site "London, Cumberland Hotel"]
[Date "1978.08.30"]
[Round "9.10"]
[White "Flear, Glenn C"]
[Black "Forintos, Gyozo Victor"]
[Result "1-0"]
[WhiteElo "2185"]
[BlackElo "2435"]
[PlyCount "129"]
[EventDate "1978.08.24"]
[EventType "swiss"]
[EventRounds "10"]
[EventCountry "ENG"]
[SourceTitle "BritBase"]
[Source "John Saunders"]
[SourceDate "2023.12.16"]
[SourceVersion "1"]
[SourceVersionDate "2023.12.16"]
[SourceQuality "1"]

1. d4 e6 2. c4 b6 3. a3 Nf6 4. Nc3 Bb7 5. d5 Bd6 6. Bg5 h6 7. Bh4 Be5 8. Qd2 d6
9. Nf3 Bxc3 10. Qxc3 exd5 11. cxd5 Bxd5 12. O-O-O Be4 13. Nd2 Bg6 14. f4 Nbd7
15. g4 O-O 16. f5 Bh7 17. Rg1 Ne4 18. Qh3 Ng5 19. Qg2 Re8 20. e4 Qf6 21. Bd3
Ne5 22. Bc2 Qe7 23. Bf2 f6 24. h4 Ngf7 25. Nf3 c6 26. Nxe5 dxe5 27. Be3 c5 28.
g5 fxg5 29. hxg5 Nxg5 30. Bxg5 Qxg5+ 31. Qxg5 hxg5 32. Rxg5 Rf8 33. Rh1 Rf6 34.
Bb3+ Kh8 35. Rgh5 Rh6 36. Bf7 Rf8 37. Bg6 Bg8 38. Rxh6+ gxh6 39. Rxh6+ Kg7 40.
Rh2 Rd8 41. Rd2 Rd4 42. Rg2 Bc4 43. Bh5+ Kf8 44. Bf3 Bd3 45. Rg4 c4 46. Rh4 Kg7
47. Rg4+ Kf6 48. Rh4 Kg7 49. Rg4+ Kf6 50. Rg6+ Kf7 51. Re6 c3 52. bxc3 Rd8 53.
Bh5+ Kf8 54. f6 Bc4 55. Rxe5 Bf7 56. Bxf7 Kxf7 57. Rf5 Re8 58. Rf4 Rc8 59. Kd2
Rc4 60. Kd3 Ra4 61. Rf3 b5 62. e5 Ra6 63. Kd4 Rc6 64. Kd5 Re6 65. Rg3 1-0

[Event "Lloyds Bank Masters 2nd"]
[Site "London, Cumberland Hotel"]
[Date "1978.08.30"]
[Round "9.15"]
[White "Dymond, Michael John"]
[Black "Rayner, Emmanuel"]
[Result "0-1"]
[WhiteElo "2040"]
[BlackElo "2345"]
[PlyCount "44"]
[EventDate "1978.08.24"]
[EventType "swiss"]
[EventRounds "10"]
[EventCountry "ENG"]
[SourceTitle "BritBase"]
[Source "John Saunders"]
[SourceDate "2023.12.16"]
[SourceVersion "1"]
[SourceVersionDate "2023.12.16"]
[SourceQuality "1"]

1. g3 g6 2. Bg2 Bg7 3. e4 c5 4. d3 Nc6 5. f4 d6 6. Nf3 e5 7. O-O Nge7 8. c3 O-O
9. Be3 exf4 10. gxf4 b6 11. d4 d5 12. Ne5 cxd4 13. Nxc6 Nxc6 14. cxd4 dxe4 15.
Bxe4 Bb7 16. Nc3 Re8 17. Qd2 Qe7 18. Rae1 Nb4 19. Bxb7 Qxb7 20. f5 gxf5 21. Bh6
Re6 22. Bxg7 Rg6+ 0-1

[Event "Lloyds Bank Masters 2nd"]
[Site "London, Cumberland Hotel"]
[Date "1978.08.30"]
[Round "9.16"]
[White "Gruenfeld, Yehuda"]
[Black "Lind, Jan Olov"]
[Result "0-1"]
[WhiteElo "2330"]
[BlackElo "2205"]
[PlyCount "52"]
[EventDate "1978.08.24"]
[EventType "swiss"]
[EventRounds "10"]
[EventCountry "ENG"]
[SourceTitle "BritBase"]
[Source "John Saunders"]
[SourceDate "2023.12.16"]
[SourceVersion "1"]
[SourceVersionDate "2023.12.16"]
[SourceQuality "1"]

1. e4 c5 2. Nf3 d6 3. d4 cxd4 4. Nxd4 Nf6 5. Nc3 g6 6. Be3 Bg7 7. f3 O-O 8. Bc4
Nc6 9. Qd2 Bd7 10. h4 Rc8 11. Bb3 Ne5 12. O-O-O Nc4 13. Bxc4 Rxc4 14. h5 Nxh5
15. g4 Nf6 16. Nde2 Re8 17. Bh6 Bh8 18. Rh4 b5 19. Kb1 b4 20. Nd5 Nxd5 21. exd5
Bf5 22. Rc1 b3 23. axb3 Qb8 24. Be3 Qxb3 25. Nd4 Bxd4 26. Bxd4 Ra4 0-1

[Event "Lloyds Bank Masters 2nd"]
[Site "London, Cumberland Hotel"]
[Date "1978.08.30"]
[Round "9.17"]
[White "Basman, Michael John"]
[Black "Flesch, Janos"]
[Result "1/2-1/2"]
[WhiteElo "2395"]
[BlackElo "2435"]
[PlyCount "62"]
[EventDate "1978.08.24"]
[EventType "swiss"]
[EventRounds "10"]
[EventCountry "ENG"]
[SourceTitle "BritBase"]
[Source "John Saunders"]
[SourceDate "2023.12.16"]
[SourceVersion "1"]
[SourceVersionDate "2023.12.16"]
[SourceQuality "1"]

1. e4 c5 2. Nc3 Nc6 3. g3 g6 4. Bg2 Bg7 5. d3 e6 6. f4 Nge7 7. Nf3 d5 8. e5 Nd4
9. Nxd4 cxd4 10. Ne2 Qb6 11. O-O h5 12. Qe1 f6 13. exf6 Bxf6 14. Kh1 Bd7 15.
Bh3 Rc8 16. c3 dxc3 17. bxc3 Nf5 18. Bd2 Kf7 19. Bg2 Qa6 20. Rb1 Bc6 21. Nc1 d4
22. c4 h4 23. g4 Ng3+ 24. hxg3 hxg3+ 25. Kg1 Bxg2 26. Kxg2 Rh2+ 27. Kxg3 Rch8
28. g5 b6 29. gxf6 R8h3+ 30. Kg4 Qc8 31. Qe5 Rh4+ 1/2-1/2

[Event "Lloyds Bank Masters 2nd"]
[Site "London, Cumberland Hotel"]
[Date "1978.08.30"]
[Round "9.20"]
[White "Rind, Bruce L"]
[Black "Crouch, Colin S"]
[Result "1-0"]
[WhiteElo "2390"]
[BlackElo "2300"]
[PlyCount "69"]
[EventDate "1978.08.24"]
[EventType "swiss"]
[EventRounds "10"]
[EventCountry "ENG"]
[SourceTitle "BritBase"]
[Source "John Saunders"]
[SourceDate "2023.12.16"]
[SourceVersion "1"]
[SourceVersionDate "2023.12.16"]
[SourceQuality "1"]

1. Nf3 Nf6 2. c4 e6 3. g3 b6 4. Bg2 Bb7 5. O-O Be7 6. Nc3 O-O 7. d4 Ne4 8. Qc2
Nxc3 9. Qxc3 c5 10. Rd1 Bf6 11. Qc2 Nc6 12. dxc5 bxc5 13. Be3 Qe7 14. Rd2 Rfd8
15. Rad1 Nb4 16. Qa4 d5 17. a3 Na6 18. cxd5 exd5 19. h4 h6 20. Qg4 d4 21. Bf4
Bc8 22. Qh5 g6 23. Qxh6 Bg7 24. Qg5 Bf6 25. Qh6 Bg7 26. Qg5 Bf6 27. Nxd4 Bxg5
28. Bxg5 Qf8 29. Bxd8 cxd4 30. Rxd4 Rb8 31. Bf6 Nc7 32. Rd8 Ne8 33. Be5 Rb6 34.
Rxc8 f6 35. Rdd8 1-0

[Event "Lloyds Bank Masters 2nd"]
[Site "London, Cumberland Hotel"]
[Date "1978.08.30"]
[Round "9.21"]
[White "Silman, Jeremy D"]
[Black "Grossmann, W"]
[Result "1/2-1/2"]
[WhiteElo "2360"]
[BlackElo "2200"]
[PlyCount "56"]
[EventDate "1978.08.24"]
[EventType "swiss"]
[EventRounds "10"]
[EventCountry "ENG"]
[SourceTitle "BritBase"]
[Source "John Saunders"]
[SourceDate "2024.03.28"]
[SourceVersion "1"]
[SourceVersionDate "2024.03.28"]
[SourceQuality "1"]

1. e4 c5 2. Nf3 d6 3. d4 cxd4 4. Nxd4 Nf6 5. Nc3 g6 6. Be3 Bg7 7. f3 O-O 8. Qd2
Nc6 9. Bc4 Bd7 10. h4 Ne5 11. Bb3 Qa5 12. O-O-O Rfc8 13. Kb1 Nc4 14. Bxc4 Rxc4
15. Nb3 Qe5 16. Bd4 Qe6 17. Nd5 Ba4 18. Nxf6+ Bxf6 19. Bxf6 Qxf6 20. h5 Rac8
21. hxg6 hxg6 22. c3 b5 23. Rc1 b4 24. cxb4 Bxb3 25. axb3 Rxc1+ 26. Rxc1 Rxc1+
27. Kxc1 Qe5 28. Kb1 Qb5 {Source: Silman Collection (Andy Ansel, 24 December
2023)} 1/2-1/2

[Event "Lloyds Bank Masters 2nd"]
[Site "London, Cumberland Hotel"]
[Date "1978.08.30"]
[Round "9.28"]
[White "Branford, John W"]
[Black "James, Geoffrey H"]
[Result "1-0"]
[WhiteElo "2105"]
[BlackElo "2230"]
[PlyCount "77"]
[EventDate "1978.08.24"]
[EventType "swiss"]
[EventRounds "10"]
[EventCountry "ENG"]
[SourceTitle "BritBase"]
[Source "John Saunders"]
[SourceDate "2023.12.16"]
[SourceVersion "1"]
[SourceVersionDate "2023.12.16"]
[SourceQuality "1"]

1. e4 e5 2. Nf3 Nc6 3. Bc4 Nf6 4. d3 Bc5 5. O-O d6 6. c3 Bg4 7. Nbd2 Bb6 8. a4
Qd7 9. Re1 O-O 10. b4 a5 11. b5 Nd8 12. Nf1 Ne6 13. h3 Bh5 14. Ng3 Bg6 15. Ba2
Nh5 16. Nxh5 Bxh5 17. g4 Bg6 18. Nh4 Qe7 19. Nf5 Bxf5 20. gxf5 Qh4 $1 21. Qf3
Ng5 22. Bxg5 Qxg5+ 23. Kh1 Qf4 (23... Qd2 $5) 24. Qxf4 exf4 25. Kg2 $14 Kh8 26.
Kf3 g5 27. f6 c6 28. bxc6 bxc6 29. d4 Ra7 30. h4 $1 gxh4 31. Rh1 Bd8 32. e5
dxe5 33. dxe5 Bc7 34. Kxf4 Re8 35. Rae1 Rb7 36. Re2 Bd8 37. Kf5 Rd7 38. Rxh4
Kg8 39. f4 {Source: G H James via Brian Denman, contributed 21 July 2021} 1-0

[Event "Lloyds Bank Masters 2nd"]
[Site "London, Cumberland Hotel"]
[Date "1978.08.30"]
[Round "9.32"]
[White "Mayers, Dan E"]
[Black "King, Daniel John"]
[Result "0-1"]
[WhiteElo "2070"]
[BlackElo "2160"]
[PlyCount "80"]
[EventDate "1978.08.24"]
[EventType "swiss"]
[EventRounds "10"]
[EventCountry "ENG"]
[SourceTitle "BritBase"]
[Source "John Saunders"]
[SourceDate "2023.12.16"]
[SourceVersion "1"]
[SourceVersionDate "2023.12.16"]
[SourceQuality "1"]

1. c4 e5 2. Nc3 Nf6 3. g3 Bb4 4. Bg2 O-O 5. Qb3 Bxc3 6. bxc3 Nc6 7. e4 d6 8.
Ne2 Nd7 9. O-O Nc5 10. Qd1 f5 11. f3 fxe4 12. fxe4 Rxf1+ 13. Qxf1 Nd3 14. Qf3
Nxc1 15. Rxc1 Be6 16. d3 Qe7 17. Rf1 Rf8 18. Qxf8+ Qxf8 19. Rxf8+ Kxf8 20. Kf2
Ke7 21. Ke3 Nb8 22. Nc1 Nd7 23. Bf1 Nc5 24. Bg2 a5 25. Nb3 Nxb3 26. axb3 Bg4
27. Kd2 c6 28. Bf1 Kf6 29. d4 Bf3 30. Bd3 c5 31. dxc5 dxc5 32. Bc2 Kg5 33. Ke3
Kg4 34. Kf2 Bh1 35. Kg1 Kf3 36. Bd1+ Ke3 37. Kxh1 Kd2 38. Bg4 Kxc3 39. Bd1 Kd2
40. Bg4 Kc2 0-1

[Event "Lloyds Bank Masters 2nd"]
[Site "London, Cumberland Hotel"]
[Date "1978.08.30"]
[Round "9.37"]
[White "Law, Andrew P"]
[Black "Albrecht, Rainer"]
[Result "1/2-1/2"]
[WhiteElo "2345"]
[BlackElo "2120"]
[PlyCount "59"]
[EventDate "1978.08.24"]
[EventType "swiss"]
[EventRounds "10"]
[EventCountry "ENG"]
[SourceTitle "BritBase"]
[Source "John Saunders"]
[SourceDate "2023.12.16"]
[SourceVersion "1"]
[SourceVersionDate "2023.12.16"]
[SourceQuality "1"]

1. c4 f5 2. Nf3 Nf6 3. g3 d6 4. d4 e6 5. Bg2 Be7 6. O-O O-O 7. Nc3 a5 8. Qc2
Nc6 9. e4 Nxe4 10. Nxe4 Nb4 11. Qe2 fxe4 12. Qxe4 e5 13. dxe5 Bf5 14. Qxb7 Rb8
15. Qa7 c5 16. exd6 Bxd6 17. Bg5 Qc8 18. Nh4 Nc6 19. Bxc6 Qxc6 20. Rfd1 Bh3 21.
Qxa5 h6 22. Be3 g5 23. Rxd6 Qxd6 24. Bxc5 Qc6 25. Bxf8 gxh4 26. Qd5+ Qxd5 27.
cxd5 Kxf8 28. b3 Ke7 29. f3 Rc8 30. Re1+ 1/2-1/2

[Event "Lloyds Bank Masters 2nd"]
[Site "London, Cumberland Hotel"]
[Date "1978.08.30"]
[Round "9.38"]
[White "Large, Peter G"]
[Black "Muir, Andrew J"]
[Result "1-0"]
[WhiteElo "2275"]
[BlackElo "2110"]
[PlyCount "51"]
[EventDate "1978.08.24"]
[EventType "swiss"]
[EventRounds "10"]
[EventCountry "ENG"]
[SourceTitle "BritBase"]
[Source "John Saunders"]
[SourceDate "2023.12.16"]
[SourceVersion "1"]
[SourceVersionDate "2023.12.16"]
[SourceQuality "1"]

1. e4 c5 2. Nf3 Nc6 3. d4 cxd4 4. Nxd4 Nf6 5. Nc3 d6 6. Bc4 e6 7. Bb3 Be7 8.
Be3 O-O 9. Qe2 a6 10. O-O-O Qc7 11. g4 Nxd4 12. Rxd4 b5 13. g5 Nd7 14. g6 hxg6
15. h4 Nf6 16. h5 Nxh5 17. f4 Ng3 18. Qh2 Nxh1 19. Rd1 Ng3 20. Qxg3 b4 21. Rh1
bxc3 22. Bd4 cxb2+ 23. Kb1 f6 24. Qxg6 Rb8 25. Rh7 Bd8 26. Qh5 1-0